|
|
|
|
| LEADER |
01361nam a2200313 a 4500 |
| 001 |
3493410 |
| 008 |
090629s1993 fr 000 0 eng d |
| 010 |
|
|
|a \\\94139696
|
| 020 |
|
|
|a 3760884105 (Zürich)
|
| 020 |
|
|
|a 1874056366 (London)
|
| 020 |
|
|
|a 3764355352 (Basel)
|
| 020 |
|
|
|a 0817655352 (Boston)
|
| 040 |
|
|
|a CU-S
|c CU-S
|d DLC
|
| 082 |
0 |
0 |
|a 720.92
|2 22
|
| 100 |
1 |
|
|a Holl, Steven.
|
| 245 |
1 |
0 |
|a Steven Holl /
|c [original writings by Steven Holl ; introduction by Kenneth Frampton ; essay by Frédéric Migayrou].
|
| 260 |
|
|
|a Bordeaux :
|b Arc en rêve centre d'architecture ;
|a Zürich :
|b Artemis,
|c c1993.
|
| 300 |
|
|
|a 119 p. :
|b ill. (some col.) ;
|c 28 cm.
|
| 546 |
|
|
|a Text in English and French.
|
| 500 |
|
|
|a "Published ... on the occasion of the Steven Holl exhibition ... June 17 to August 29 1993 at Arc en rêve centre d'architecture"--T.p. verso.
|
| 500 |
|
|
|a "List of works 1975-93": p. 117.
|
| 504 |
|
|
|a Includes bibliographical references.
|
| 541 |
1 |
|
|e 00013762
|
| 600 |
1 |
0 |
|a Holl, Steven.
|
| 650 |
|
0 |
|a Architecture, Modern
|y 20th century.
|
| 710 |
2 |
|
|a Arc en rêve centre d'architecture.
|
| 852 |
4 |
|
|a Ayesha Abed Library
|j General shelf
|
| 999 |
|
|
|c 1876
|d 1876
|
| 952 |
|
|
|0 0
|1 0
|2 ddc
|4 0
|6 720_920000000000000_HOL
|7 0
|9 1719
|a BRACUL
|b BRACUL
|c GEN
|d 2009-06-29
|l 11
|m 68
|o 720.92 HOL
|p 3010013762
|r 2022-12-13
|s 2022-11-19
|t 1
|w 2009-06-29
|y BK
|